| 000 | 00427cam a2200169ua 4500 | ||
|---|---|---|---|
| 020 | _c250.00 | ||
| 041 |
_aeng _h |
||
| 082 |
_a004.16 _bKAN/MI |
||
| 100 | _aKani, Nagoor . | ||
| 245 |
_aMicroprocessors and microcontrollers / _cA.Nagoor Kani. _hTextual Documents |
||
| 260 |
_aChennai : _bRBA Publications , _c2006. |
||
| 300 | _a898 ; . | ||
| 365 | _a250.00 | ||
| 504 | _a | ||
| 942 | _cBK | ||
| 999 |
_c13130 _d13130 |
||